DIFIORE'S ATLAS OF HISTOLOGY WITH FUNCTIONAL CORRELATIONS (Record no. 19533)

MARC details
000 -LEADER
fixed length control field 00387nam a22001577a 4500
003 - CONTROL NUMBER IDENTIFIER
control field SGT
020 ## - INTERNATIONAL STANDARD BOOK NUMBER
International Standard Book Number 978-935129-703-2
082 ## - DEWEY DECIMAL CLASSIFICATION NUMBER
Classification number 611.0183
Item number D17E
100 ## - MAIN ENTRY--PERSONAL NAME
Personal name EROSCHENKO,VICTOR.P
245 ## - TITLE STATEMENT
Title DIFIORE'S ATLAS OF HISTOLOGY WITH FUNCTIONAL CORRELATIONS
250 ## - EDITION STATEMENT
Edition statement 13TH
260 ## - PUBLICATION, DISTRIBUTION, ETC. (IMPRINT)
Place of publication, distribution, etc NEW YORK
Name of publisher, distributor, etc WOLTERS KLUWER
Year of Publication 2017
300 ## - PAGE DESCRIPTION
No. of Pages 617
650 ## - SUBJECT ADDED ENTRY--TOPICAL TERM
Topical term or geographic name as entry element AYURVEDA PUB
942 ## - ADDED ENTRY ELEMENTS (KOHA)
Source of classification or shelving scheme Dewey Decimal Classification
Koha item type Books
Holdings
Withdrawn status Lost status Source of classification or shelving scheme Damaged status Use restrictions Not for loan Collection code Home library Current library Shelving location Date acquired Vendor Name Cost, normal purchase price SGTU Bill Number Full call number Accession No. (Barcode) Date last seen Bill Date Koha item type
    Dewey Decimal Classification   Restricted Access   AYURVEDA SGT FA-FP Library SGT FA-FP Library Reference Book 09/12/2019 AHUJA PUB 1050.00 SGTU 11572 611.0183 D17E FA10311 09/12/2019 13/11/2019 Books